Detalles MARC
| 000 -CABECERA |
| campo de control de longitud fija |
01834nam a2200265 a 4500 |
| 001 - NÚMERO DE CONTROL |
| campo de control |
000045046 |
| 005 - FECHA Y HORA DE LA ÚLTIMA TRANSACCIÓN |
| campo de control |
20201002045830.0 |
| 008 - DATOS DE LONGITUD FIJA--INFORMACIÓN GENERAL |
| campo de control de longitud fija |
150130s2013 dr acd 000 0 spa d |
| 020 ## - NÚMERO INTERNACIONAL ESTÁNDAR DEL LIBRO |
| Número Internacional Estándar del Libro |
9789945174700 (v. 1) |
| 020 ## - NÚMERO INTERNACIONAL ESTÁNDAR DEL LIBRO |
| Número Internacional Estándar del Libro |
9789945174717 (v. 2) |
| 020 ## - NÚMERO INTERNACIONAL ESTÁNDAR DEL LIBRO |
| Número Internacional Estándar del Libro |
9789945174724 (v. 3) |
| 020 ## - NÚMERO INTERNACIONAL ESTÁNDAR DEL LIBRO |
| Número Internacional Estándar del Libro |
9789945174731 (v. 4) |
| 040 ## - FUENTE DE LA CATALOGACIÓN |
| Centro catalogador/agencia de origen |
DO-SdBNP |
| Lengua de catalogación |
spa |
| Centro/agencia transcriptor |
BNPHU |
| 245 00 - MENCIÓN DE TÍTULO |
| Título |
Ciencias sociales : |
| Resto del título |
educación media. |
| 260 ## - PUBLICACIÓN, DISTRIBUCIÓN, ETC. |
| Lugar de publicación, distribución, etc. |
Santo Domingo : |
| Nombre del editor, distribuidor, etc. |
SM, |
| Fecha de publicación, distribución, etc. |
2013. |
| 300 ## - DESCRIPCIÓN FÍSICA |
| Extensión |
v. : |
| Otras características físicas |
il., retrs., mapas, + CD ; |
| Dimensiones |
29 cm. |
| 490 1# - MENCIÓN DE SERIE |
| Mención de serie |
Proyecto Sé |
| 505 0# - NOTA DE CONTENIDO CON FORMATO |
| Información miscelánea |
v. 1 |
| Título |
Geografía de la tierra |
| -- |
Los continentes |
| -- |
La prehistoria y las primeras civilizaciones |
| -- |
De Grecia a la Edad Media |
| -- |
La Edad Media y las grandes revoluciones |
| -- |
El siglo XX |
| -- |
Población y espacio urbano |
| -- |
Economía y política |
| 505 0# - NOTA DE CONTENIDO CON FORMATO |
| Información miscelánea |
v. 2 |
| Título |
La formación de América |
| -- |
Las maravillas naturales del continente |
| -- |
Los pobladores de América |
| -- |
Encuentro del viejo y el nuevo mundo |
| -- |
Lucha por la libertad |
| -- |
América: siglos XX y XXI |
| -- |
Población, sociedad y cultura |
| -- |
Economía y política |
| 505 0# - NOTA DE CONTENIDO CON FORMATO |
| Información miscelánea |
v. 3 |
| Título |
Geografía física del caribe |
| -- |
Geografía física de la República Dominicanalibro |
| -- |
Dos colonias |
| -- |
De la independencia nacional a la restauración de la república |
| -- |
Del gobierno de Báez a la dictadura de Heureaux |
| -- |
La intervención norteamericana y la dictadura de Trujillo |
| -- |
Organización territorial y población dominicana |
| -- |
Espacios geográficos y economía |
| 505 0# - NOTA DE CONTENIDO CON FORMATO |
| Información miscelánea |
v. 4 |
| Título |
De la caída de la dictadura hasta el golpe de estado de 1963 |
| -- |
El triunvirato y la guerra de abril |
| -- |
Los doce años de Balaguer |
| -- |
Consolidación de la democracia |
| -- |
Organización territorial y población dominicana |
| -- |
Sociedad y cultura |
| -- |
Producción nacional y los servicios |
| -- |
Economía actual |
| 500 ## - NOTA GENERAL |
| Nota general |
Cada numero incluye CD |
| 710 2# - PUNTO DE ACCESO ADICIONAL--NOMBRE DE ENTIDAD CORPORATIVA |
| Nombre de entidad corporativa o nombre de jurisdicción como elemento de entrada |
SM Dominicana |
| 9 (RLIN) |
65182 |
| 830 #0 - PUNTO DE ACCESO ADICIONAL DE SERIE-TÍTULO UNIFORME |
| Título uniforme |
Proyecto Sé |
| 9 (RLIN) |
22850 |